Statistiques concernant Reliez les Ministres de la Culture à leur Président (Ve République)

Cliquez ici pour prendre le quiz!

Statistiques générales

  • Ce quiz a été pris 124 fois
  • Le résultat moyen est 9 sur 21

Statistiques - réponses

HintRéponse% Correct
André MalrauxCharles de Gaulle
80%
Jack LangFrançois Mitterrand
75%
Rima Abdul MalakEmmanuel Macron
74%
Fleur PellerinFrançois Hollande
69%
Roselyne BachelotEmmanuel Macron
58%
Aurélie FilippettiFrançois Hollande
58%
Franck RiesterEmmanuel Macron
57%
Philippe Douste-BlazyJacques Chirac
46%
Françoise NyssenEmmanuel Macron
45%
Renaud Donnedieu de VabresJacques Chirac
40%
Frédéric MitterrandNicolas Sarkozy
40%
Jean-Jacques AillagonJacques Chirac
38%
Catherine TascaJacques Chirac
32%
Catherine TrautmannJacques Chirac
32%
François LéotardFrançois Mitterrand
29%
Edmond MicheletGeorges Pompidou
29%
Christine AlbanelNicolas Sarkozy
29%
Michel GuyValéry Giscard d'Estaing
26%
Jacques ToubonFrançois Mitterrand
20%
Jean-Philippe LecatValéry Giscard d'Estaing
18%
Jacques DuhamelGeorges Pompidou
17%

Distribution des résultats

Percentile par nombre de réponses

% des personnes avec chaque résultat

Votre développement - résultats

Vous n’avez pas pris ce quiz